|
|
|
|
| LEADER |
00000naa2a2200000 4500 |
| 001 |
516602 |
| 005 |
20231101105513.0 |
| 035 |
|
|
|a (RuTPU)RU\TPU\prd\194478
|
| 035 |
|
|
|a RU\TPU\prd\194477
|
| 090 |
|
|
|a 516602
|
| 100 |
|
|
|a 20130903a1984 k y0rusy50 ca
|
| 101 |
0 |
|
|a rus
|
| 102 |
|
|
|a RU
|
| 200 |
1 |
|
|a Фотолиз галогенидов тяжелых металлов
|f М. А. Шустов, Ю. А. Захаров
|
| 320 |
|
|
|a Библиогр.: с. 1227 (16 назв.)
|
| 461 |
|
0 |
|0 (RuTPU)RU\TPU\prd\167
|t Журнал физической химии
|f Российская академия наук ; Отделение химии и наук о материалах РАН
|d 1931-
|
| 463 |
|
0 |
|0 (RuTPU)RU\TPU\prd\82304
|t Т. 58, вып. 5
|v С. 1224-1227
|d 1984
|
| 610 |
1 |
|
|a труды учёных ТПУ
|
| 700 |
|
1 |
|a Шустов
|b М. А.
|c специалист в области электротехники
|c профессор Томского политехнического университета, доктор технических наук
|f 1952-
|g Михаил Анатольевич
|2 stltpush
|3 (RuTPU)RU\TPU\pers\30571
|
| 701 |
|
1 |
|a Захаров
|b Ю. А.
|c российский химик
|c профессор Томского политехнического университета
|f 1938-
|g Юрий Александрович
|2 stltpush
|3 (RuTPU)RU\TPU\pers\19791
|4 070
|
| 801 |
|
1 |
|a RU
|b 63413507
|c 20130903
|
| 801 |
|
2 |
|a RU
|b 63413507
|c 20131018
|g RCR
|
| 942 |
|
|
|c BK
|